Music Quiz

Random Music or Song Quiz

Mis-Matched Rolling Stones Quiz Stats

Quiz not verified by Sporcle

Challenge
Share
Tweet
Score 0/25 Timer 04:00
1 Play Today
% Correct
Gimme Satisfaction
98%
Brown Limousine
95.7%
Waiting on the Devil
95%
Blue Turns to Black
94.8%
I Got theTuesday
93.4%
Get Off of My Thumb
93.2%
Honky Tonk Honk
92.9%
You Can't Always Get on My Side
92.5%
Beast of Boogie
91.5%
Let's Spend the Silver
90.4%
Wild Girls
89.9%
Mother's Little Nervous Breakdown
88.2%
Play with Dice
85.1%
% Correct
Shine Me Up
85.1%
As Tears Bleed
83.4%
Harlem Blues
81.2%
Dead Man
78.6%
Heart of Morphine
76.7%
Can't You Go
76.6%
It's All Cold
76.5%
100 Light Years from Home
73.2%
She's a Rambler
72.2%
All Down the Train
66.6%
Monkey Time
64%
Walking the Mile
61.4%

You're not logged in!

Compare scores with friends on all Sporcle quizzes.
Sign Up with Email
OR
Log In

You Might Also Like...

Show Comments

Extras

Top Quizzes Today


Score Distribution

Your Account Isn't Verified!

In order to create a playlist on Sporcle, you need to verify the email address you used during registration. Go to your Sporcle Settings to finish the process.

Report this User

Report this user for behavior that violates our Community Guidelines.

Details: